| 000 | 00620nam a22001937a 4500 | ||
|---|---|---|---|
| 001 | 114577 | ||
| 003 | DR-UNIBE | ||
| 005 | 20260428094654.0 | ||
| 008 | 260414b2000 pn ||||| |||| 00| 0 spa d | ||
| 040 |
_aBIBLIOTECA UNIBE _bspa _cBIBLIOTECA UNIBE |
||
| 041 | _aspa | ||
| 082 | _aF 5825 | ||
| 245 | 0 | 3 | _aLa niñez y la adolescencia y las leyes "minoristas" |
| 260 |
_a Panamá : _bFondo de las Naciones Unidas para la Infancia : _bÓrgano Judicial de la República de Panamá, _c2000 |
||
| 300 | _apaginación varias | ||
| 650 | _a Derechos del niño | ||
| 651 |
_a Bienestar infantil _9204396 |
||
| 942 |
_2ddc _cMX |
||
| 999 |
_c114577 _d114577 |
||